Desarrollo de la estructura espacial en la Ciudad de Guatemala: desde su fundación hasta la revolución de 1944 /
sin resumen
Guardado en:
| Hovedforfatter: | |
|---|---|
| Format: | Ukendt |
| Sprog: | Spanish |
| Tags: |
Tilføj Tag
Ingen Tags, Vær først til at tagge denne postø!
|
MARC
| LEADER | 00000 a2200000 04500 | ||
|---|---|---|---|
| 001 | 1263 | ||
| 003 | cru CIDCACS/IIS | ||
| 005 | 20200917122534.0 | ||
| 008 | 200917b ||||| |||| 00| 0 spa d | ||
| 999 | |c 16143 |d 16143 | ||
| 040 | |c cru CIDCACS/IIS | ||
| 090 | |a 10492.01 | ||
| 100 | 1 | |a Gellert, Gisela |9 4867 | |
| 245 | 1 | |a Desarrollo de la estructura espacial en la Ciudad de Guatemala: |b desde su fundación hasta la revolución de 1944 / |c Gisela Gellert | |
| 300 | |a páginas 5-47 | ||
| 500 | |a También publicado en ANUARIO DE ESTUDIOS CENTROAMERICANOS, vol. 16, n. 1, pp. 31-55, MFN: 7617, N° acceso: 107002 | ||
| 520 | |a sin resumen | ||
| 942 | |2 ddc |c LI | ||
| 773 | 0 | |0 43379 |9 4881 |a Gellert, Gisela |d Ciudad de Guatemala: Universidad de San Carlos de Guatemala. Centro de Estudios Urbanos y Regionales, 1990 |o MFN: 1262 |t Ciudad de Guatemala: | |
